| 000 | 01042nam a2200301 a 4500 | ||
|---|---|---|---|
| 999 |
_c529439 _d529439 |
||
| 001 | 900660 | ||
| 003 | NUST | ||
| 005 | 20190926110214.0 | ||
| 008 | 820811s1981 dcua b 000 0 eng | ||
| 010 | _a 81085775 | ||
| 020 |
_z0309033105 (pbk.) : _c$7.20 |
||
| 038 | _aMSOHAIL | ||
| 040 |
_aDLC _cDLC _dDLC |
||
| 050 | 0 | 0 |
_aTD893.6.T7 _bC63 1981 |
| 082 | 0 | 0 |
_a363.74 _219 |
| 100 | 1 |
_aCohn, Louis F. _q(Louis Franklin), _d1948- _921502 |
|
| 245 | 1 | 0 |
_aHighway Noise Barriers / _cLouis F. Cohn. |
| 260 |
_aWashington, D.C. : _bTransportation Research Board, National Research Council, _c[1981] |
||
| 300 |
_a81 p. : _bill. ; _c28 cm. |
||
| 490 | 1 |
_aNational Cooperative Highway Research Program synthesis of highway practice, _x0547-5570 ; _v87 |
|
| 500 | _a"December 1981." | ||
| 504 | _aIncludes bibliographical references. | ||
| 650 | 0 |
_aTraffic noise. _920000 |
|
| 650 | 0 |
_aNoise barriers. _921503 |
|
| 830 | 0 |
_aSynthesis of highway practice ; _v87. _921504 |
|
| 906 |
_a7 _bcbc _corignew _d2 _eopcn _f19 _gy-gencatlg |
||
| 942 |
_2ddc _cBK |
||